[Event "FRA-ch Blitz Online Qual"]
[Site "Europe Echecs INT"]
[Date "2020.05.16"]
[Round "6"]
[White "Delabre, Gaspard"]
[Black "Babaud, Antoine"]
[Result "0-1"]
[WhiteElo "1449"]
[BlackElo "1943"]
[PlyCount "74"]
[EventDate "2020.05.16"]
[EventType "swiss (blitz)"]
[EventRounds "15"]
[EventCountry "FRA"]
[SourceTitle "CBM 196 Extra"]
[Source "ChessBase"]
[SourceDate "2020.07.31"]
[SourceVersion "1"]
[SourceVersionDate "2020.07.31"]
[SourceQuality "1"]

1. e4 c5 2. Nf3 Nc6 3. Bb5 d6 4. c3 e6 5. d3 Bd7 6. Bf4 e5 7. Bg5 Nf6 8. 0-0 Be7 9. c4 0-0 10. Nc3 Nd4 11. Bxd7 Qxd7 12. Bxf6 Bxf6 13. Nxd4 exd4 14. Nd5 Bd8 15. f4 f5 16. e5 b5 17. Re1 dxe5 18. fxe5 bxc4 19. dxc4 Qc6 20. b3 Bg5 21. Qh5 Bd8 22. Rf1 g6 23. Qh3 Qe6 24. Rae1 Rc8 25. Nf4 Qc6 26. Qg3 Be7 27. Nd5 Rce8 28. e6 Bf6 29. Qf4 Rxe6 30. Nxf6+ Rfxf6 31. Rxe6 Rxe6 32. Qb8+ Re8 33. Qxa7 Qd6 34. a4 d3 35. a5 d2 36. Rd1 Re1+ 37. Kf2 Qf4# 0-1

[Event "FRA-ch Blitz Online Qual"]
[Site "Europe Echecs INT"]
[Date "2020.05.16"]
[Round "15"]
[White "Delabre, Gaspard"]
[Black "Briand, Amaury"]
[Result "0-1"]
[WhiteElo "1449"]
[BlackElo "1929"]
[PlyCount "40"]
[EventDate "2020.05.16"]
[EventType "swiss (blitz)"]
[EventRounds "15"]
[EventCountry "FRA"]
[SourceTitle "CBM 196 Extra"]
[Source "ChessBase"]
[SourceDate "2020.07.31"]
[SourceVersion "1"]
[SourceVersionDate "2020.07.31"]
[SourceQuality "1"]

1. e4 e5 2. Nf3 Nc6 3. Bc4 Nf6 4. d3 Be7 5. c3 0-0 6. Nbd2 d5 7. exd5 Nxd5 8. 0-0 Kh8 9. Re1 f6 10. Ne4 Nb6 11. Bb3 a5 12. a4 Bg4 13. h3 Bh5 14. Ng3 Bg6 15. d4 exd4 16. Nxd4 Nxd4 17. Qxd4 Qxd4 18. cxd4 Bb4 19. Re2 Rad8 20. Be3 Bd3 0-1

[Event "FRA-ch Blitz Online Qual"]
[Site "Europe Echecs INT"]
[Date "2020.05.16"]
[Round "1"]
[White "Delabre, Gaspard"]
[Black "Coutton, Sylvain"]
[Result "0-1"]
[WhiteElo "1449"]
[BlackElo "2185"]
[PlyCount "78"]
[EventDate "2020.05.16"]
[EventType "swiss (blitz)"]
[EventRounds "15"]
[EventCountry "FRA"]
[SourceTitle "CBM 196 Extra"]
[Source "ChessBase"]
[SourceDate "2020.07.31"]
[SourceVersion "1"]
[SourceVersionDate "2020.07.31"]
[SourceQuality "1"]

1. e4 e5 2. Nf3 Nc6 3. Bc4 Bc5 4. c3 Nf6 5. d3 a6 6. Bb3 Ba7 7. Nbd2 0-0 8. 0-0 d6 9. Re1 Ng4 10. Re2 Kh8 11. Nf1 f5 12. h3 Nh6 13. N1h2 Ne7 14. Be3 fxe4 15. dxe4 Ng6 16. Nf1 Bxh3 17. Ng3 Bg4 18. Bxa7 Rxa7 19. Re3 Nh4 20. Qd3 Ra8 21. Nh2 Bd7 22. Bd1 Qf6 23. Nf3 Ng6 24. Qd2 Nf4 25. Ne2 Ng4 26. Nxf4 Qxf4 27. Re1 Qf7 28. Ng5 Qg6 29. f3 Nf6 30. Kh2 Nh5 31. Nh3 Qg3+ 32. Kh1 Bxh3 33. gxh3 Qxh3+ 34. Qh2 Qxh2+ 35. Kxh2 Rf4 36. Rg1 Raf8 37. Kg2 R4f6 38. Be2 Nf4+ 39. Kf2 Nh3+ 0-1